[Event "Outaouais-ch Reserves"]
[Site "Gatineau CAN"]
[Date "2018.05.15"]
[Round "7"]
[White "Celac, Jasmine"]
[Black "Lepine, Louis"]
[Result "0-1"]
[WhiteElo "1028"]
[BlackElo "1005"]
[PlyCount "82"]
[EventDate "2018.04.03"]
[EventType "swiss"]
[EventRounds "7"]
[EventCountry "CAN"]

1. Nf3 d5 2. Nc3 e6 3. d4 f6 4. e3 Nc6 5. Bd3 g6 6. h4 Bd6 7. g3 Nge7 8. h5 g5
9. Na4 e5 10. c3 e4 11. Bc2 exf3 12. Qxf3 Ng8 13. Rh4 gxh4 14. h6 Be6 15. Bd1
Qe7 16. Qe2 O-O-O 17. b4 Nxh6 18. b5 Bg4 19. f3 Bf5 20. Rb1 Na5 21. Qb2 Bxb1
22. Bc2 Bxc2 23. Qxc2 hxg3 24. c4 Nxc4 25. f4 Rhg8 26. Kf1 g2+ 27. Qxg2 Rxg2
28. Kxg2 Rg8+ 29. Kf2 Qe4 30. Ke2 Ng4 31. Kf1 Ncxe3+ 32. Ke1 Qxd4 33. Bxe3
Qxe3+ 34. Kf1 Qxf4+ 35. Ke2 Re8+ 36. Kd1 Qxa4+ 37. Kd2 Qxa2+ 38. Kd3 Re4 39.
Kc3 Qa3+ 40. Kc2 Re2+ 41. Kd1 Re1+ 0-1

[Event "Outaouais-ch Reserves"]
[Site "Gatineau CAN"]
[Date "2018.05.15"]
[Round "7"]
[White "Celac, Natalia"]
[Black "Berthiaume, Maxime"]
[Result "0-1"]
[WhiteElo "983"]
[BlackElo "948"]
[PlyCount "58"]
[EventDate "2018.04.03"]
[EventType "swiss"]
[EventRounds "7"]
[EventCountry "CAN"]

1. Nf3 c5 2. e4 a6 3. d3 Nc6 4. Be3 d6 5. Nc3 e6 6. Qd2 b5 7. O-O-O g6 8. Be2
Bg7 9. e5 b4 10. Ne4 Nxe5 11. Nxe5 Bxe5 12. d4 cxd4 13. Bxd4 Bxd4 14. Qxd4 e5
15. Qxb4 a5 16. Qb3 Ra6 17. Qd5 Be6 18. Qb7 Rb6 19. Nxd6+ Rxd6 20. Bb5+ Kf8 21.
Rxd6 Qxd6 22. Qa8+ Kg7 23. Qxa5 Qd5 24. Be8 Qxa5 25. Rd1 Bxa2 26. c3 Nf6 27.
Bc6 Rc8 28. Bb7 Rxc3+ 29. bxc3 Qxc3# 0-1

[Event "Outaouais-ch Reserves"]
[Site "Gatineau CAN"]
[Date "2018.05.15"]
[Round "7"]
[White "Lavergne, Daniel"]
[Black "Rioux, Jocelyn"]
[Result "0-1"]
[WhiteElo "1695"]
[BlackElo "1617"]
[PlyCount "62"]
[EventDate "2018.04.03"]
[EventType "swiss"]
[EventRounds "7"]
[EventCountry "CAN"]

1. d4 Nf6 2. c4 e6 3. Nc3 d5 4. cxd5 exd5 5. Nf3 Bb4 6. Qb3 Nc6 7. Bg5 Bxc3+ 8.
Qxc3 Ne4 9. Bxd8 Nxc3 10. Bxc7 Nb5 11. Bg3 Nbxd4 12. Nxd4 Nxd4 13. O-O-O Nc6
14. e3 Be6 15. a3 O-O 16. Bd3 Rac8 17. Kb1 Na5 18. b4 Nc4 19. Bxc4 dxc4 20. Kc2
b5 21. e4 f6 22. Kc3 Rfd8 23. Rd4 Rxd4 24. Kxd4 c3 25. Rc1 c2 26. Bd6 Bb3 27.
f4 Kf7 28. e5 Ke6 29. g4 Rc4+ 30. Ke3 Kd5 31. Bb8 Rd4 0-1

[Event "Outaouais-ch Reserves"]
[Site "Gatineau CAN"]
[Date "2018.05.15"]
[Round "7"]
[White "Lecorre, Joel"]
[Black "Yuan, Eric"]
[Result "1-0"]
[WhiteElo "1515"]
[BlackElo "961"]
[PlyCount "85"]
[EventDate "2018.04.03"]
[EventType "swiss"]
[EventRounds "7"]
[EventCountry "CAN"]

1. e4 e5 2. Nf3 Nc6 3. Bc4 Nf6 4. d3 Bc5 5. Nc3 d6 6. h3 h6 7. Na4 Nd4 8. Nxd4
Bxd4 9. c3 Bc5 10. Nxc5 dxc5 11. Be3 b6 12. O-O Be6 13. Bxe6 fxe6 14. Qe2 O-O
15. Rad1 Qe7 16. b3 Rad8 17. f3 Nh5 18. Qf2 Nf4 19. Bxf4 Rxf4 20. Kh2 Rdf8 21.
Qe2 R4f6 22. d4 cxd4 23. cxd4 exd4 24. Rxd4 c5 25. Rd3 Qc7+ 26. Kh1 c4 27. Rc3
b5 28. bxc4 a6 29. Rfc1 bxc4 30. Rxc4 Qf4 31. e5 Qxc1+ 32. Rxc1 Rf5 33. Rc6 Re8
34. g4 Rf4 35. Rxa6 Ref8 36. Kg2 Kf7 37. Qd2 Kg8 38. Qd3 Kf7 39. Qd7+ Kg6 40.
Rxe6+ Kh7 41. Re7 h5 42. Rxg7+ Kh6 43. g5# 1-0

[Event "Outaouais-ch Reserves"]
[Site "Gatineau CAN"]
[Date "2018.05.15"]
[Round "7"]
[White "Masse-Garneau, Anthony"]
[Black "Berthiaume, Serge"]
[Result "1-0"]
[WhiteElo "1549"]
[BlackElo "1466"]
[PlyCount "53"]
[EventDate "2018.04.03"]
[EventType "swiss"]
[EventRounds "7"]
[EventCountry "CAN"]

1. e4 c5 2. Nc3 g6 3. Bc4 Bg7 4. Nge2 Nc6 5. a3 a6 6. d3 d6 7. O-O Nf6 8. Rb1
b5 9. Ba2 Nd4 10. Nxd4 cxd4 11. Ne2 Nd7 12. f4 Nc5 13. Ng3 Be6 14. Bxe6 fxe6
15. Qg4 Qc8 16. b3 a5 17. Bd2 O-O 18. h4 e5 19. f5 Qe8 20. h5 e6 21. fxg6 Rxf1+
22. Rxf1 h6 23. Rf7 Nd7 24. Qh4 Qc8 25. Qe7 Bf8 26. Qxd7 Qxc2 27. Rxf8+ 1-0

[Event "Outaouais-ch Reserves"]
[Site "Gatineau CAN"]
[Date "2018.05.15"]
[Round "7"]
[White "Pearce, Thomas"]
[Black "Chen, Annie"]
[Result "1-0"]
[WhiteElo "1558"]
[BlackElo "1034"]
[PlyCount "73"]
[EventDate "2018.04.03"]
[EventType "swiss"]
[EventRounds "7"]
[EventCountry "CAN"]

1. d4 e6 2. c4 c5 3. Nf3 Nf6 4. Bg5 h6 5. Bh4 Be7 6. Nc3 d5 7. e3 g5 8. Bg3
cxd4 9. exd4 Bd7 10. c5 a6 11. Bd3 b6 12. b4 bxc5 13. bxc5 Qa5 14. Qc2 Ba4 15.
Qxa4+ Qxa4 16. Nxa4 Nc6 17. O-O Nb4 18. Ne5 a5 19. Bb5+ Kf8 20. Nb6 Rd8 21. a4
Nc2 22. Nbd7+ Nxd7 23. Nxd7+ Kg8 24. Be5 f6 25. Nxf6+ Kf7 26. Rac1 Na3 27. Nh5
Rhg8 28. c6 Nxb5 29. axb5 Bd6 30. Bxd6 Rxd6 31. Rc5 Rgd8 32. b6 e5 33. Rxa5 Re8
34. Ra7+ Kg6 35. g4 Rc8 36. Rc1 Rdd8 37. Rg7# 1-0

[Event "Outaouais-ch Reserves"]
[Site "Gatineau CAN"]
[Date "2018.05.15"]
[Round "7"]
[White "Simard, Paul"]
[Black "Chen, Daniel"]
[Result "1-0"]
[WhiteElo "1200"]
[BlackElo "996"]
[PlyCount "73"]
[EventDate "2018.04.03"]
[EventType "swiss"]
[EventRounds "7"]
[EventCountry "CAN"]

1. d4 Nc6 2. Nf3 d5 3. Nc3 g6 4. Bf4 h6 5. h3 a6 6. e3 Bf5 7. Bd3 Qd7 8. O-O g5
9. Ne5 Nxe5 10. Bxe5 Nf6 11. Bxf6 exf6 12. Qf3 O-O-O 13. Bxf5 Kb8 14. Bxd7 Rxd7
15. Qf5 Re7 16. Qxf6 Rg8 17. Nxd5 Re6 18. Qxf7 Reg6 19. Qxc7+ Ka7 20. b4 Bd6
21. Qc4 g4 22. hxg4 Rxg4 23. g3 h5 24. Nf6 b5 25. Qf7+ Kb6 26. Nxg8 h4 27. Qe6
Rxg8 28. Qxg8 h3 29. Qe6 Kc6 30. Qxh3 Kb6 31. c3 a5 32. bxa5+ Kxa5 33. Qh5 Bxg3
34. fxg3 Ka4 35. Rfb1 b4 36. Rxb4+ Ka3 37. Qa5# 1-0

[Event "Paul Keres mem. (43rd)"]
[Site "Richmond CAN"]
[Date "2018.05.19"]
[Round "1.1"]
[White "Orlov, Georgi"]
[Black "Schnabel, Bennett"]
[Result "0-1"]
[WhiteElo "2526"]
[BlackElo "2101"]
[PlyCount "116"]
[EventDate "2018.05.19"]
[EventType "swiss"]
[EventRounds "6"]
[EventCountry "CAN"]

1. e4 c5 2. Nf3 d6 3. d4 cxd4 4. Nxd4 Nf6 5. Nc3 g6 6. Be3 a6 7. f3 Bg7 8. Qd2
h5 9. O-O-O b5 10. Nb3 Nbd7 11. Nd5 Bb7 12. Na5 Bxd5 13. exd5 Nb6 14. Nc6 Qc7
15. Bxb6 Qxb6 16. Re1 e5 17. f4 Bh6 18. g3 O-O 19. Bg2 Rfe8 20. Kb1 Qc5 21. b4
Qc4 22. Na5 Qc8 23. Nc6 Qf5 24. Rhf1 Kh7 25. Qc3 e4 26. Nd4 Qxd5 27. Nb3 Bg7
28. Rd1 Qf5 29. Nd4 Qd7 30. Qc6 Qxc6 31. Nxc6 d5 32. Bh3 e3 33. Rfe1 Ne4 34.
Bd7 Nc3+ 35. Kc1 Nxa2+ 36. Kb1 Nc3+ 37. Kc1 Nxd1 38. Bxe8 Rxe8 39. Kxd1 Bc3 40.
Re2 Kg7 41. Ne5 d4 42. Nd3 Rc8 43. Rg2 Rc4 44. g4 h4 45. g5 Bxb4 46. Rg4 a5 47.
Rxh4 a4 48. f5 gxf5 49. Rh6 Be7 50. Rb6 b4 51. h4 a3 52. Ra6 Rc3 53. Nf4 b3 54.
cxb3 d3 55. Ra7 e2+ 56. Nxe2 dxe2+ 57. Kxe2 Bc5 58. Ra6 Rh3 0-1

[Event "Paul Keres mem. (43rd)"]
[Site "Richmond CAN"]
[Date "2018.05.19"]
[Round "1.2"]
[White "Balka, Richard"]
[Black "Sohal, Tanraj"]
[Result "0-1"]
[WhiteElo "2090"]
[BlackElo "2364"]
[PlyCount "52"]
[EventDate "2018.05.19"]
[EventType "swiss"]
[EventRounds "6"]
[EventCountry "CAN"]

1. e4 c5 2. Nf3 e6 3. d4 cxd4 4. Nxd4 Nf6 5. Nc3 Nc6 6. Ndb5 d6 7. Bf4 e5 8.
Bg5 a6 9. Na3 Be6 10. Nc4 Rc8 11. Bxf6 Qxf6 12. Nb6 Rb8 13. Qd2 Qd8 14. Ncd5
Be7 15. c3 Bg5 16. Qd1 O-O 17. h4 Bh6 18. g4 Bf4 19. Nc4 Kh8 20. Nxf4 exf4 21.
f3 d5 22. Nd2 Qb6 23. Rb1 dxe4 24. Nxe4 Ne5 25. Qe2 Bxa2 26. Rd1 Rbd8 0-1

[Event "Paul Keres mem. (43rd)"]
[Site "Richmond CAN"]
[Date "2018.05.19"]
[Round "1.3"]
[White "Yoos, John"]
[Black "Sadoughian-Zadeh, Farshad"]
[Result "0-1"]
[WhiteElo "2361"]
[BlackElo "2090"]
[PlyCount "132"]
[EventDate "2018.05.19"]
[EventType "swiss"]
[EventRounds "6"]
[EventCountry "CAN"]

1. e4 c5 2. Nf3 e6 3. d4 cxd4 4. Nxd4 a6 5. Bd3 Bc5 6. Nb3 Be7 7. Nc3 d6 8. f4
Qc7 9. Qf3 Nc6 10. Be3 Nf6 11. O-O-O O-O 12. g4 Rb8 13. g5 Nd7 14. Rhg1 Re8 15.
Kb1 b5 16. Rg3 Nb4 17. Qf2 Nxd3 18. cxd3 b4 19. Ne2 a5 20. Rc1 Qb7 21. Nd2 Qa6
22. d4 Qd3+ 23. Ka1 Ba6 24. Rc7 Qb5 25. Nc1 Rec8 26. Rxc8+ Rxc8 27. Rg1 a4 28.
Nb1 Qb7 29. Qg2 Nb6 30. Re1 Nc4 31. Bg1 Bd8 32. d5 Ba5 33. Rd1 a3 34. bxa3 Nxa3
35. Nxa3 bxa3 36. Nb3 Bc3+ 37. Kb1 Bc4 38. Qc2 Bb2 39. Na5 Qb5 40. Nxc4 Rxc4
41. Qb3 Rb4 42. Qd3 Qxd3+ 43. Rxd3 Bd4+ 44. Kc2 Bxg1 45. Rxa3 g6 46. dxe6 Rxe4
47. Ra8+ Kg7 48. exf7 Kxf7 49. Rd8 Bxh2 50. Rd7+ Ke6 51. Rxh7 Bxf4 52. Kb3 Bxg5
53. a4 Bd2 54. Ra7 Re5 55. Ra8 g5 56. Kc2 Ba5 57. Kd3 g4 58. Rg8 Kf5 59. Rf8+
Kg5 60. Rg8+ Kh4 61. Rh8+ Kg3 62. Rh6 Bb4 63. Kc4 Bc5 64. Rh7 Kf4 65. a5 g3 66.
Rh4+ Kf3 0-1

[Event "Paul Keres mem. (43rd)"]
[Site "Richmond CAN"]
[Date "2018.05.19"]
[Round "1.4"]
[White "Verdon, Norman"]
[Black "Gentes, Kevin"]
[Result "1-0"]
[WhiteElo "2082"]
[BlackElo "2348"]
[PlyCount "61"]
[EventDate "2018.05.19"]
[EventType "swiss"]
[EventRounds "6"]
[EventCountry "CAN"]

1. d4 Nf6 2. Nf3 e6 3. c4 b6 4. g3 Bb7 5. Bg2 Bb4+ 6. Bd2 a5 7. O-O O-O 8. a3
Be7 9. Bc3 d5 10. Nbd2 a4 11. Qc2 dxc4 12. Nxc4 Be4 13. Qd1 Qc8 14. Ncd2 Bd5
15. Rc1 Qb7 16. Ne1 Bxg2 17. Nxg2 Nd5 18. e4 Nxc3 19. Rxc3 Rd8 20. Qc2 c5 21.
dxc5 Bxc5 22. Rc4 Nc6 23. Nf3 Qa6 24. Qc3 Qb5 25. e5 Na5 26. Rg4 Rd3 27. Qc2
Rxf3 28. Rxa4 Rb3 29. Rh4 h6 30. Qe4 Rd8 31. Qg4 {Time.} 1-0

[Event "Paul Keres mem. (43rd)"]
[Site "Richmond CAN"]
[Date "2018.05.19"]
[Round "1.5"]
[White "Findlay, Ian"]
[Black "Moura, Eduardo"]
[Result "1/2-1/2"]
[WhiteElo "2314"]
[BlackElo "2055"]
[PlyCount "41"]
[EventDate "2018.05.19"]
[EventType "swiss"]
[EventRounds "6"]
[EventCountry "CAN"]

1. e4 d6 2. d4 Nf6 3. Nc3 Nbd7 4. Nf3 e5 5. Bc4 Be7 6. O-O c6 7. a4 a5 8. b3 h6
9. Ba3 O-O 10. Re1 Re8 11. Qd2 Qc7 12. Rad1 Nf8 13. h3 Ng6 14. dxe5 dxe5 15.
Bd6 Bxd6 16. Qxd6 Qxd6 17. Rxd6 Kf8 18. Red1 Ke7 19. Nh2 Nf4 20. Nf3 Ng6 21.
Nh2 1/2-1/2

[Event "Paul Keres mem. (43rd)"]
[Site "Richmond CAN"]
[Date "2018.05.19"]
[Round "1.8"]
[White "Tang, Edward"]
[Black "MacKinnon, Keith"]
[Result "0-1"]
[WhiteElo "2002"]
[BlackElo "2282"]
[PlyCount "126"]
[EventDate "2018.05.19"]
[EventType "swiss"]
[EventRounds "6"]
[EventCountry "CAN"]

1. e4 c5 2. Nf3 e6 3. b4 cxb4 4. d4 d5 5. e5 Bd7 6. Bd3 a6 7. O-O Bb5 8. a3
Bxd3 9. Qxd3 Nc6 10. axb4 Nxb4 11. Qb3 Qc7 12. c3 Nc6 13. Ba3 Na5 14. Qc2 Bxa3
15. Nxa3 Ne7 16. Qa4+ Nec6 17. Rfb1 O-O 18. Qc2 h6 19. Qe2 Ne7 20. Qd3 Rfc8 21.
Rd1 b6 22. Nb1 Qc6 23. g3 Ra7 24. Ra3 Nc4 25. Ra2 Qb5 26. Qc2 Nc6 27. Na3 Nxa3
28. Rxa3 Na5 29. Rb1 Nc4 30. Rab3 Qa4 31. Nd2 Nxd2 32. Qxd2 b5 33. Rb4 Qa3 34.
R4b3 Qa5 35. Qb2 Rc4 36. Ra1 Ra4 37. Rxa4 Qxa4 38. Kf1 Qc4+ 39. Kg1 Qd3 40. Ra3
a5 41. Rb3 Rc7 42. Rxb5 Rxc3 43. Rb8+ Kh7 44. Qb1 a4 45. Qxd3+ Rxd3 46. Rb4 a3
47. Ra4 a2 48. Rxa2 Rxd4 49. h4 g5 50. hxg5 hxg5 51. f3 Kg6 52. Kf2 Kf5 53. Re2
Rd1 54. Kg2 Rd3 55. Kf2 g4 56. f4 Rf3+ 57. Kg2 d4 58. Ra2 Ke4 59. Re2+ Kd3 60.
Ra2 Ke3 61. Ra7 d3 62. Rxf7 d2 63. Rd7 Ke2 0-1

[Event "Paul Keres mem. (43rd)"]
[Site "Richmond CAN"]
[Date "2018.05.19"]
[Round "1.9"]
[White "Sali, Zulfikar"]
[Black "Lehingrat, Callum"]
[Result "1-0"]
[WhiteElo "2264"]
[BlackElo "1957"]
[PlyCount "49"]
[EventDate "2018.05.19"]
[EventType "swiss"]
[EventRounds "6"]
[EventCountry "CAN"]

1. e4 c5 2. Nf3 d6 3. d4 cxd4 4. Nxd4 Nf6 5. Nc3 a6 6. Be3 e6 7. f3 b5 8. Qd2
Nbd7 9. g4 Nb6 10. O-O-O Bb7 11. Qf2 Nfd7 12. a3 Rc8 13. Nb3 Rxc3 14. bxc3 Qc7
15. Bxb6 Nxb6 16. Qd4 d5 17. e5 Bxa3+ 18. Kd2 Na4 19. Ra1 Bb2 20. Rxa4 bxa4 21.
Qxa4+ Qc6 22. Qb4 Qc7 23. Nc5 Qxe5 24. Nxb7 d4 25. Qxd4 1-0

[Event "Paul Keres mem. (43rd)"]
[Site "Richmond CAN"]
[Date "2018.05.19"]
[Round "1.10"]
[White "Ferguson, Peter"]
[Black "Nyamdorj, Davaa-Ochir"]
[Result "0-1"]
[WhiteElo "1947"]
[BlackElo "2246"]
[PlyCount "52"]
[EventDate "2018.05.19"]
[EventType "swiss"]
[EventRounds "6"]
[EventCountry "CAN"]

1. d4 d5 2. c4 e6 3. Nc3 Be7 4. Nf3 Nf6 5. Bg5 h6 6. Bf4 O-O 7. h3 dxc4 8. e3
b5 9. Nxb5 Bb4+ 10. Nc3 Nd5 11. Qa4 a5 12. a3 Bb7 13. O-O-O Bxc3 14. Qxc4 Ba6
15. Qb3 a4 16. Qxa4 Nxf4 17. exf4 Bb7 18. Qc2 Bxf3 19. gxf3 Bxd4 20. Qe4 Bxb2+
21. Kc2 Qf6 22. Bd3 g6 23. Qxa8 Qc3+ 24. Kb1 Bxa3 25. Qb7 Nc6 26. Be4 Nb4 0-1

[Event "Paul Keres mem. (43rd)"]
[Site "Richmond CAN"]
[Date "2018.05.19"]
[Round "1.12"]
[White "Soliven, Joe"]
[Black "Pechisker, Alfred"]
[Result "0-1"]
[WhiteElo "1896"]
[BlackElo "2239"]
[PlyCount "92"]
[EventDate "2018.05.19"]
[EventType "swiss"]
[EventRounds "6"]
[EventCountry "CAN"]

1. e4 c5 2. Ne2 Nc6 3. g3 g6 4. Bg2 Bg7 5. O-O d6 6. Nbc3 h5 7. h4 Nf6 8. d3
Bg4 9. Qe1 Qc8 10. Nf4 Nd4 11. f3 Nxc2 12. Qd1 Nxa1 13. fxg4 Nxg4 14. Bh3 c4
15. d4 O-O 16. Kg2 Rb8 17. Nfd5 Qd7 18. Bg5 f6 19. Bd2 f5 20. exf5 Rxf5 21.
Rxf5 gxf5 22. Bg5 e6 23. Ne7+ Kf7 24. Bxg4 hxg4 25. d5 Re8 26. Qxa1 Rxe7 27.
Bxe7 Kxe7 28. Qe1 b5 29. Nxb5 Bxb2 30. Nxa7 Kf6 31. Qe3 exd5 32. Qh6+ Kf7 33.
h5 Qe6 34. Qh7+ Bg7 35. Nc6 Qe2+ 36. Kg1 Qd1+ 37. Kh2 Qc2+ 38. Kh1 Qb1+ 39. Kh2
Qxa2+ 40. Kh1 Qb1+ 41. Kh2 Qc2+ 42. Kh1 Qc1+ 43. Kh2 Qg5 44. Kg2 c3 45. h6 c2
46. hxg7 Qd2+ 0-1

[Event "Paul Keres mem. (43rd)"]
[Site "Richmond CAN"]
[Date "2018.05.19"]
[Round "2.1"]
[White "Sohal, Tanraj"]
[Black "Pechisker, Alfred"]
[Result "1-0"]
[WhiteElo "2364"]
[BlackElo "2239"]
[PlyCount "95"]
[EventDate "2018.05.19"]
[EventType "swiss"]
[EventRounds "6"]
[EventCountry "CAN"]

1. d4 e6 2. c4 b6 3. Nc3 Bb4 4. Qc2 Nf6 5. a3 Bxc3+ 6. Qxc3 Bb7 7. Nf3 d6 8. g3
h6 9. Bg2 Nbd7 10. O-O Ne4 11. Qc2 f5 12. d5 exd5 13. Nd4 Qf6 14. Nb5 O-O 15.
f3 Ng5 16. cxd5 Rfc8 17. h4 Nf7 18. f4 c6 19. dxc6 Bxc6 20. Bxc6 a6 21. Qc3
Qxc3 22. Nxc3 Rxc6 23. Be3 Re8 24. Bd4 Nc5 25. Rad1 Ne4 26. Nxe4 Rxe4 27. e3
Nd8 28. Rc1 b5 29. h5 Kf7 30. Kf2 Re7 31. Rg1 g6 32. hxg6+ Kxg6 33. g4 fxg4 34.
Rxg4+ Kf5 35. Rgg1 d5 36. Kf3 Rxc1 37. Rxc1 Re6 38. Rc5 Rd6 39. e4+ Ke6 40. f5+
Kd7 41. e5 Rc6 42. Rxd5+ Ke8 43. e6 Rc1 44. Bf6 Nc6 45. Rd6 a5 46. Bc3 Ne7 47.
f6 Ng6 48. Ra6 1-0

[Event "Paul Keres mem. (43rd)"]
[Site "Richmond CAN"]
[Date "2018.05.19"]
[Round "2.4"]
[White "MacKinnon, Keith"]
[Black "Cheng, Louis"]
[Result "1/2-1/2"]
[WhiteElo "2282"]
[BlackElo "2112"]
[PlyCount "97"]
[EventDate "2018.05.19"]
[EventType "swiss"]
[EventRounds "6"]
[EventCountry "CAN"]

1. e4 c5 2. Nf3 d6 3. Bb5+ Nc6 4. O-O Bg4 5. h3 Bh5 6. c3 a6 7. Be2 Bg6 8. d3
e6 9. Re1 Nf6 10. Nh4 d5 11. exd5 Nxd5 12. Nxg6 hxg6 13. Bf1 Bd6 14. Nd2 Nf6
15. Nf3 Qc7 16. Bg5 Ng4 17. Qe2 Nf6 18. Rad1 O-O-O 19. d4 Kb8 20. dxc5 Bxc5 21.
b4 Rxd1 22. Rxd1 Ba7 23. a3 e5 24. Nd2 Rh5 25. Be3 Nd5 26. Bxa7+ Kxa7 27. Ne4
Nf4 28. Qe3+ Qb6 29. Nd6 Qxe3 30. fxe3 Ne6 31. Nxf7 Rf5 32. Nh8 Nf8 33. Bd3 Rf6
34. Rf1 Ne7 35. Nf7 Nd7 36. Be4 Nf5 37. Nd8 Nxe3 38. Re1 Nf5 39. Nxb7 Ng3 40.
Na5 Rf4 41. Bxg6 Rf6 42. Be4 Rf4 43. Bc6 Nf6 44. Bf3 e4 45. Kh2 exf3 46. Kxg3
f2 47. Re7+ Kb8 48. Nc6+ Kc8 49. Na7+ 1/2-1/2

[Event "Paul Keres mem. (43rd)"]
[Site "Richmond CAN"]
[Date "2018.05.19"]
[Round "2.5"]
[White "Sadoughian-Zadeh, Farshad"]
[Black "Sali, Zulfikar"]
[Result "0-1"]
[WhiteElo "2090"]
[BlackElo "2264"]
[PlyCount "182"]
[EventDate "2018.05.19"]
[EventType "swiss"]
[EventRounds "6"]
[EventCountry "CAN"]

1. d4 Nf6 2. c4 g6 3. g3 Bg7 4. Bg2 O-O 5. Nf3 d6 6. O-O Nbd7 7. Nc3 c6 8. e4
e5 9. h3 exd4 10. Nxd4 Re8 11. Be3 a5 12. Qc2 Nc5 13. Nb3 Ne6 14. Rad1 Qc7 15.
Na4 Nd7 16. Qd2 Bf8 17. f4 Nec5 18. Nbxc5 Nxc5 19. Nxc5 dxc5 20. Qf2 Qe7 21.
Rfe1 Be6 22. b3 a4 23. g4 axb3 24. axb3 Rad8 25. Rxd8 Rxd8 26. e5 Rd3 27. Qc2
Rd8 28. f5 Bc8 29. Qe4 Qh4 30. Bf2 Qg5 31. Be3 Qh4 32. Rf1 Re8 33. e6 gxf5 34.
exf7+ Kxf7 35. Qf4 Qe7 36. Bd2 Qe5 37. Qg5 Qf6 38. Qh5+ Qg6 39. Qh4 Be7 40. Qf2
Bd6 41. Bf4 Bxf4 42. Qxf4 Qf6 43. Kh1 Re5 44. g5 Qe7 45. Qh4 Kg8 46. Qh5 Qf7
47. Qd1 Bd7 48. Qd6 Qe7 49. Qb8+ Be8 50. Kh2 Kg7 51. h4 Bh5 52. Ra1 Re2 53. Ra7
Bf7 54. Rxb7 Qe3 55. Qc7 Qe6 56. Qg3 Qe4 57. Qc3+ Qd4 58. Qxd4+ cxd4 59. Rd7 c5
60. Kg1 Kf8 61. Bd5 Bg6 62. Bf3 Re3 63. Kf2 f4 64. h5 Bf7 65. g6 hxg6 66. h6
Bg8 67. h7 Bxh7 68. Rxh7 Rxb3 69. Rc7 Rb2+ 70. Ke1 Rb3 71. Ke2 Re3+ 72. Kf2 Re5
73. Bd5 g5 74. Rxc5 g4 75. Rc8+ Ke7 76. Ra8 Rh5 77. Ra3 Rh2+ 78. Kg1 Rd2 79.
Ra6 Rc2 80. Re6+ Kd7 81. Re4 d3 82. Rd4 Ke7 83. Rxd3 Kf6 84. Rd1 Kg5 85. Re1
Kh4 86. Ra1 Kg3 87. Rf1 Rd2 88. Rc1 f3 89. Bxf3 gxf3 90. c5 Rg2+ 91. Kf1 Rh2
0-1

[Event "Paul Keres mem. (43rd)"]
[Site "Richmond CAN"]
[Date "2018.05.19"]
[Round "2.6"]
[White "Nyamdorj, Davaa-Ochir"]
[Black "Verdon, Norman"]
[Result "1-0"]
[WhiteElo "2246"]
[BlackElo "2082"]
[PlyCount "93"]
[EventDate "2018.05.19"]
[EventType "swiss"]
[EventRounds "6"]
[EventCountry "CAN"]

1. e4 c5 2. Nf3 e6 3. d4 cxd4 4. Nxd4 Nf6 5. Nc3 Nc6 6. a3 Qc7 7. Be3 a6 8. f4
d6 9. Qf3 Bd7 10. Bd3 Be7 11. O-O Nxd4 12. Bxd4 Bc6 13. Qg3 Bf8 14. Rfe1 O-O-O
15. b4 d5 16. e5 Ne4 17. Bxe4 dxe4 18. Qe3 g5 19. Bb6 gxf4 20. Bxc7 fxe3 21.
Bxd8 Kxd8 22. Rxe3 Bh6 23. Re2 e3 24. a4 Rg8 25. Kf1 Ke7 26. b5 Bd5 27. Nxd5+
exd5 28. bxa6 bxa6 29. Rb1 Rg4 30. Rb7+ Ke8 31. g3 Rxa4 32. Rb6 Bg5 33. Rb8+
Kd7 34. h4 Bh6 35. Rb6 Bf8 36. Rxe3 Bc5 37. Rb7+ Kc6 38. Reb3 Rc4 39. c3 a5 40.
Rxf7 a4 41. Rbb7 Bb6 42. Rb8 a3 43. Rf6+ Kc7 44. Rbxb6 Rxc3 45. Ra6 d4 46. Rf7+
Kb8 47. Re6 1-0

[Event "Paul Keres mem. (43rd)"]
[Site "Richmond CAN"]
[Date "2018.05.19"]
[Round "2.7"]
[White "Botez, Andrea"]
[Black "Hemstapat, Andrew"]
[Result "1-0"]
[WhiteElo "1880"]
[BlackElo "2242"]
[PlyCount "81"]
[EventDate "2018.05.19"]
[EventType "swiss"]
[EventRounds "6"]
[EventCountry "CAN"]

1. d4 Nf6 2. Bf4 g6 3. e3 Bg7 4. Nf3 O-O 5. c4 d6 6. Nc3 Nbd7 7. Qc2 Re8 8.
O-O-O c6 9. h3 Qa5 10. g4 b5 11. Nd2 Ba6 12. g5 Nh5 13. Nb3 Qb6 14. cxb5 Bxb5
15. Bxb5 cxb5 16. Nd5 Qb7 17. Qe4 Kh8 18. Bh2 a5 19. Kb1 e6 20. Nc3 d5 21. Qd3
a4 22. Nc5 Nxc5 23. dxc5 Ra5 24. Nxd5 exd5 25. Qxd5 Qxd5 26. Rxd5 Bf8 27. c6
Ng7 28. Rc1 Ne6 29. Be5+ Kg8 30. f4 Rc8 31. e4 Ra6 32. c7 Bg7 33. f5 Bxe5 34.
fxe6 Bxc7 35. exf7+ Kf8 36. Rd7 Ra7 37. e5 b4 38. e6 Ra6 39. Rcxc7 Rb8 40. e7+
Kxf7 41. Rd8 1-0

[Event "Paul Keres mem. (43rd)"]
[Site "Richmond CAN"]
[Date "2018.05.19"]
[Round "2.8"]
[White "Gu, Chuyang"]
[Black "Findlay, Ian"]
[Result "1/2-1/2"]
[WhiteElo "1862"]
[BlackElo "2314"]
[PlyCount "62"]
[EventDate "2018.05.19"]
[EventType "swiss"]
[EventRounds "6"]
[EventCountry "CAN"]

1. e4 c5 2. Nf3 d6 3. d4 cxd4 4. Nxd4 Nf6 5. Nc3 g6 6. Be3 Bg7 7. f3 Nc6 8. Qd2
O-O 9. Bc4 Bd7 10. O-O-O Rc8 11. Bb3 Nxd4 12. Bxd4 b5 13. Nd5 Nxd5 14. Bxg7
Kxg7 15. exd5 a5 16. a3 Kg8 17. Rhe1 Rc5 18. Re4 b4 19. a4 Qe8 20. Rde1 Bxa4
21. Qh6 Qc8 22. Bxa4 Qf5 23. Rh4 g5 24. Rg4 Rxd5 25. h4 Qf6 26. Rxg5+ Rxg5 27.
Qxg5+ Qxg5+ 28. hxg5 e6 29. Kd2 Rc8 30. c3 bxc3+ 31. bxc3 Rc5 1/2-1/2

[Event "Paul Keres mem. (43rd)"]
[Site "Richmond CAN"]
[Date "2018.05.19"]
[Round "2.9"]
[White "Kitsis, Stan"]
[Black "Morgan, Scott"]
[Result "1-0"]
[WhiteElo "2197"]
[BlackElo "2090"]
[PlyCount "161"]
[EventDate "2018.05.19"]
[EventType "swiss"]
[EventRounds "6"]
[EventCountry "CAN"]

1. d4 Nf6 2. Bf4 d5 3. e3 e6 4. c3 Bd6 5. Bg3 Ne4 6. Nd2 Nxg3 7. hxg3 c5 8. Bd3
h6 9. Ngf3 Nc6 10. Qe2 cxd4 11. exd4 Qf6 12. O-O O-O 13. Rfe1 Rd8 14. Nf1 Re8
15. Ne3 Bd7 16. Ng4 Qe7 17. Qd2 f5 18. Bxf5 h5 19. Ngh2 Qf6 20. Bc2 Rf8 21. Qd3
Qh6 22. Qe3 Qf6 23. Qg5 Qxg5 24. Nxg5 Rf6 25. Nhf3 Re8 26. Bh7+ Kf8 27. Nh4 Ne7
28. Bd3 Kg8 29. Re2 Nf5 30. Rae1 Nxh4 31. gxh4 b5 32. g3 Rh6 33. f4 Kf8 34. Kf2
Bc7 35. f5 exf5 36. Rxe8+ Bxe8 37. Bxf5 Bd6 38. Re6 Rxe6 39. Bxe6 Bc6 40. Kf3
Ke7 41. Bf7 b4 42. cxb4 Bxb4 43. Bxh5 Bd2 44. Nh3 Bc1 45. b3 Kf6 46. Nf2 Bb2
47. Ke3 Bc1+ 48. Kd3 Bb5+ 49. Kc2 Ba3 50. Bf3 Ke6 51. Nd1 Bd6 52. g4 Bg3 53. h5
Be1 54. Ne3 Bc6 55. Nf5 Kf6 56. a3 a5 57. Ne3 Ke6 58. Nd1 Bb5 59. Nc3 Bc6 60.
b4 axb4 61. axb4 Bf2 62. b5 Bb7 63. Kd3 Kd6 64. Na4 Be1 65. Nc5 Bc8 66. b6 Kc6
67. b7 Bxb7 68. Nxb7 Kxb7 69. Bxd5+ Kc7 70. Ke4 Kd6 71. Bb3 Bd2 72. Kf5 Be3 73.
d5 Ke7 74. Kg6 Kf8 75. d6 Bf4 76. d7 Bc7 77. g5 Bb6 78. h6 gxh6 79. Kxh6 Ke7
80. g6 Bd4 81. Ba4 1-0

[Event "Paul Keres mem. (43rd)"]
[Site "Richmond CAN"]
[Date "2018.05.19"]
[Round "2.10"]
[White "Patterson, Roger"]
[Black "James, Rowan"]
[Result "1/2-1/2"]
[WhiteElo "2103"]
[BlackElo "1880"]
[PlyCount "61"]
[EventDate "2018.05.19"]
[EventType "swiss"]
[EventRounds "6"]
[EventCountry "CAN"]

1. c4 e6 2. Nf3 Nf6 3. g3 d5 4. b3 Be7 5. Bg2 O-O 6. O-O c5 7. Bb2 Nc6 8. cxd5
Nxd5 9. d3 Bf6 10. Bxf6 Qxf6 11. Na3 b6 12. Nc4 Qe7 13. Qd2 Bb7 14. a4 Nd4 15.
Qb2 Nc3 16. Nxd4 Bxg2 17. Kxg2 cxd4 18. b4 e5 19. b5 f5 20. e3 f4 21. exf4 exf4
22. f3 Rae8 23. Rf2 Qf6 24. Qb3 fxg3 25. hxg3 Re2 26. Ne5+ Kh8 27. Rxe2 Nxe2
28. Qd5 Re8 29. Nf7+ Kg8 30. Ng5+ Kh8 31. Nf7+ 1/2-1/2